EPL, Bundesliga, La Liga, Serie A, Ligue 1 - Statistics

General Stats
  • This quiz has been taken 81 times
  • The average score is 49 of 96
Answer Stats
Hint Answer % Correct
Bundesliga Bayern Munich
91%
EPL Arsenal
89%
EPL Manchester City
89%
EPL Manchester United
89%
EPL Chelsea
85%
EPL Aston Villa
84%
EPL Liverpool
84%
EPL Tottenham Hotspur
84%
Bundesliga Borussia Dortmund
83%
Bundesliga Bayer 04 Leverkusen
81%
La Liga Real Madrid
81%
EPL Newcastle United
80%
Ligue 1 Paris Saint-Germain
80%
Serie A AC Milan
79%
Serie A Inter Milan
79%
EPL Everton
77%
La Liga Atletico Madrid
76%
La Liga Barcelona
76%
EPL Crystal Palace
75%
Ligue 1 Olympique Lyonnais
75%
EPL Bournemouth
73%
EPL Brighton
72%
EPL Fulham
72%
EPL West Ham United
72%
EPL Wolverhampton Wanderers
72%
EPL Nottingham Forest
71%
EPL Burnley
67%
EPL Brentford
65%
Ligue 1 AS Monaco
63%
EPL Luton Town
63%
Serie A Roma
63%
La Liga Sevilla
63%
La Liga Valencia
61%
La Liga Athletic Bilbao
60%
Bundesliga Eintracht Frankfurt
60%
Serie A Lazio
59%
EPL Sheffield United
59%
Serie A Torino
57%
La Liga Villarreal
57%
La Liga Girona
56%
Serie A Napoli
56%
Ligue 1 Olympique De Marseille
56%
Bundesliga 1 FC Union Berlin
55%
Serie A Atalanta
55%
La Liga Real Sociedad
55%
Serie A Fiorentina
53%
Bundesliga VFB Stuttgart
53%
Bundesliga VFL Wolfsburg
52%
La Liga Real Betis
51%
Serie A Bologna
49%
Bundesliga Borussia Monchengladbach
49%
Bundesliga 1 FC Koln
47%
Ligue 1 OGC Nice
47%
Ligue 1 FC Nantes
44%
Bundesliga Mainz 05
44%
Serie A Hellas Verona
43%
La Liga Mallorca
43%
Ligue 1 RC Lens
43%
Bundesliga Werder Bremin
43%
La Liga Getafe
41%
Ligue 1 Stade De Reims
39%
Bundesliga 1899 Hoffenheim
37%
Serie A Genoa
37%
Serie A Sassuolo
37%
La Liga Celta Vigo
36%
La Liga Las Palmas
36%
La Liga Rayo Vallecano
36%
Bundesliga FC Augsburg
35%
Ligue 1 RC Strasbourg Alsace
35%
Serie A Udinese
35%
Serie A Cagliari
33%
Serie A Lecce
33%
Bundesliga SC Freiberg
33%
La Liga Alaves
32%
Ligue 1 Montpellier Herault SC
32%
La Liga Osasuna
32%
Ligue 1 FC Metz
31%
La Liga Granada
28%
Serie A Monza
28%
Bundesliga VFL Bochum
28%
Bundesliga 1 FC Heidenheim
27%
Serie A Empoli
25%
Serie A Frosinone
25%
La Liga Cadiz
23%
Bundesliga Darmstadt 98
23%
Serie A Salernitana
23%
Ligue 1 Stade Rennais FC
23%
Ligue 1 Toulouse FC
23%
La Liga Almeria
21%
Ligue 1 FC Lorient
17%
Ligue 1 Stade Brestois 29
17%
Ligue 1 Clermont Foot 63
15%
Ligue 1 Havre Athletic Club
9%
Serie A Juventes
4%
Ligue 1 Losc Liller
3%
Bundesliga RB Leizpeg
1%
No matching quizzes found
Score Distribution
Percent of People with Each Score
Percentile by Number Answered
Your Score History
You have not taken this quiz